Billie Eilish A-Z - Statistics

General Stats
  • This quiz has been taken 153 times
  • The average score is 12 of 17
Answer Stats
Hint Answer % Correct
# !!!!!!! / 8
100%
B birds of a feather / bittersuite / blue / billie bossa nova / bad guy / bury a friend
95%
L lunch / L’amour de ma vie / lost cause / listen before i go
82%
C chihiro
73%
W wildflower / wish you were gay / when the party's over
73%
A all the good girls go to hell
72%
H halley's comet / happier than ever
72%
I i didn't change my number / ilomilo / i love you
71%
X xanny
71%
M my future / male fantasy / my strange addiction
65%
T the greatest / the diner / therefore i am
63%
Y your power / you should see me in a crown
63%
G getting older / goldwing / goodbye
62%
O oxytocin / overheated
61%
N not my responsibility / NDA
59%
S skinny
47%
E everybody dies
46%
No matching quizzes found
Score Distribution
Percent of People with Each Score
Percentile by Number Answered
Your Score History
You have not taken this quiz